000 00715aam a2200265 4500
005 20260422150505.0
008 150721b1984 xxu||||| |||| 00| 0 spa d
020 _a8432986022
041 _aESP
082 _a370.15 P361c2
100 _aPearson, Craig
245 _aCómo resolver conflictos en clase: estrategias y técnicas para mantener la armonía en clase
250 _a2 edición
260 _aEspaña
260 _bEdiciones Ceac
260 _c1984
300 _a93 páginas
490 _aTemática General
650 _aEDUCACIÓN
650 _aCOPORTAMIENTO
650 _aPSICOLOGÍA DE LA EDUCACIÓN
650 _aCONDUCTA CONSTRUCTIVA
650 _aFUNCIÓN SOCIAL
942 _cBK
_2ddc
999 _c156
_d156